Statistics for 12x12 таблица множења

Click here to take the quiz!

General Stats

  • This quiz has been taken 1 181 times
  • The average score is 41 of 50

Answer Stats

ПроблемРешење% Correct
10 x 660
87%
7 x 214
86%
4 x 416
86%
12 x 224
86%
10 x 330
86%
10 x 550
86%
3 x 39
86%
9 x 218
85%
7 x 321
85%
7 x 428
85%
11 x 333
85%
9 x 545
85%
6 x 212
84%
12 x 10120
84%
6 x 636
84%
10 x 440
84%
8 x 540
84%
3 x 26
84%
10 x 880
84%
11 x 888
84%
10 x 990
84%
10 x 10100
83%
11 x 10110
83%
8 x 216
83%
6 x 318
83%
10 x 220
83%
5 x 525
83%
6 x 530
83%
7 x 535
83%
9 x 436
83%
2 x 24
83%
11 x 444
83%
7 x 749
83%
8 x 864
83%
4 x 28
83%
11 x 222
82%
6 x 424
82%
8 x 432
82%
12 x 336
82%
8 x 648
82%
10 x 770
82%
11 x 777
82%
9 x 981
82%
4 x 312
81%
5 x 420
81%
9 x 327
81%
9 x 654
81%
11 x 555
81%
8 x 756
81%
9 x 763
81%
11 x 666
81%
9 x 872
81%
11 x 999
81%
5 x 210
80%
5 x 315
80%
12 x 448
80%
8 x 324
79%
12 x 560
78%
12 x 784
78%
7 x 642
77%
11 x 11121
76%
12 x 12144
76%
12 x 896
76%
12 x 672
74%
12 x 9108
73%
12 x 11132
71%

Score Distribution

Percentile by Number Answered

Percent of People with Each Score

Your Score History

You have not taken this quiz